000 00454ntaaa2200181 4500
003 01
005 20251027202109.0
008 0714s1973 ag 01
040 _aAR-BaBN
_bspa
_cAR-BaBN
_eaacr
_dRIC
082 _a252.0200 H71
100 _aHoldcraft, Paul E
_919463
245 _aCyclopedia of bible illustrations
250 _a1 ed.
260 _aNew York :
_bAbingdon Press,
_c1948
300 _a326 p
650 _ailustraciones
_914546
942 _cBK
999 _c15818
_d15818